000 00289nam a22001337a 4500
008 181015b xxu||||| |||| 00| 0 eng d
020 _a0812109766
041 _aeng
080 _a616.5
100 _a7
101 _aDER
245 _aContact Dermatitis
_cFisher.A.A
942 _2udc
_cBK
999 _c49687
_d49687